| 000 | 00690nam a22002057a 4500 | ||
|---|---|---|---|
| 999 |
_c16221 _d16221 |
||
| 003 | AR-CdUCM | ||
| 008 | 190502b ||||| |||| 00| 0 spa d | ||
| 040 |
_aMUNICIPALIDAD PROVINCIAL DEL CUSCO _cBIBLIOTECA MUNICIPAL DEL CUSCO |
||
| 082 |
_a863 / _bS25 / 1910 |
||
| 100 |
_aSawa, Miguel _935535 |
||
| 245 |
_aHistorias de locos : _bObra inédita y póstuma / |
||
| 260 |
_aBarcelona : _bDomenech, _c1910. |
||
| 300 |
_a203 páginas ; _c19 cm. |
||
| 505 | _aContenido : Amanera de prologo -- Judas -- El gato de baudelaire -- La mujer de nieve ... | ||
| 650 |
_aHistorias _92725 |
||
| 650 |
_aLocos _935536 |
||
| 650 |
_aLiteratura _983 |
||
| 942 |
_2ddc _cLIBROS |
||
| 945 |
_arah _d02/05/2019 |
||